| 000 -LEADER |
| fixed length control field |
00721cam a22001817a 4500 |
| 020 ## - INTERNATIONAL STANDARD BOOK NUMBER |
| ISBN |
9251046832 |
| 040 ## - CATALOGING SOURCE |
| Transcribing agency |
FQG |
| 082 00 - DEWEY DECIMAL CLASSIFICATION NUMBER |
| Classification number |
660 FOO 2001 A037 Or. |
| 245 00 - TITLE STATEMENT |
| Title |
Glossary of biotechnology for food and agriculture : |
| Remainder of title |
a revised and augmented edition of the glossary of biotechnology and genetic engineering / |
| 250 ## - EDITION STATEMENT |
| Edition statement |
Rev. and augm. ed. |
| 260 ## - PUBLICATION, DISTRIBUTION, ETC. (IMPRINT) |
| Place of publication |
Rome : |
| Name of publisher |
Food and Agriculture Organization of the United Nations, |
| Year of publication |
2001. |
| 300 ## - PHYSICAL DESCRIPTION |
| Number of Pages |
xv, 305 p. ; |
| Dimensions |
21 cm. |
| 500 ## - GENERAL NOTE |
| General note |
"A revised and augmented version of the Glossary of biotechnology and genetic engineering published by FAO in 1999"--P. [4] of cover. |
| 650 #0 - SUBJECT ADDED ENTRY--TOPICAL TERM |
| Topical Term |
Biotechnology |
| 650 #0 - SUBJECT ADDED ENTRY--TOPICAL TERM |
| Topical Term |
Genetic engineering |
| 700 1# - ADDED ENTRY--PERSONAL NAME |
| Personal name |
Zaid, A. |
| 942 ## - ADDED ENTRY ELEMENTS (KOHA) |
| Koha item type |
សៀវភៅភាសាអង់គ្លេស |
| 952 ## - LOCATION AND ITEM INFORMATION (KOHA) |
| Withdrawn status [LOCAL, KOHA] |
0 |